[Event "Dubai HOC blitz op"]
[Site "Dubai"]
[Date "2019.08.11"]
[Round "7"]
[White "Deshpande, Aniruddha M"]
[Black "Abdul Hameed, Afsal"]
[Result "1-0"]
[WhiteElo "2106"]
[BlackElo "1685"]
[PlyCount "89"]
[EventDate "2019.08.11"]
[EventType "swiss (blitz)"]
[EventRounds "9"]
[EventCountry "UAE"]
[SourceTitle "EXT 2020"]
[Source "ChessBase"]
[SourceDate "2019.10.17"]
[SourceVersion "1"]
[SourceVersionDate "2019.10.17"]
[SourceQuality "1"]

1. d4 c6 2. c4 d6 3. g3 Qc7 4. Bg2 e5 5. Nf3 Nf6 6. Nc3 Be7 7. 0-0 h5 8. Bg5 Bg4 9. c5 e4 10. cxd6 Qxd6 11. Ne5 e3 12. Bxe3 Nbd7 13. Bf4 Qb4 14. a3 Qxb2 15. Nxg4 hxg4 16. Qd2 Qxd2 17. Bxd2 0-0-0 18. Rfc1 Nb6 19. e3 Rh5 20. a4 a6 21. Rab1 Nc4 22. Be1 Ba3 23. Rc2 Be7 24. Rb3 Na5 25. Rb1 Nc4 26. Rcc1 Ba3 27. Rc2 Be7 28. Ra2 Rdh8 29. Ne4 Nxe4 30. Bxe4 Rxh2 31. Bf5+ Kb8 32. Bxg4 Rh1+ 33. Kg2 R1h2+ 34. Kf3 R8h6 35. Rc2 Rf6+ 36. Ke2 Nd6 37. Rxc6 Ne4 38. Rxf6 Bxf6 39. Bf3 Nxg3+ 40. Kd3 Nf5 41. Rxb7+ Kc8 42. Rxf7 Rh1 43. Bd2 Nd6 44. Rf8+ Kd7 45. Bxh1 1-0